Štúdia obchvatu Porúbky

Guardado en:
Detalles Bibliográficos
Autor principal: Klein, Matej (Autor)
Otros Autores: Bačová, Katarína (Orientador)
Formato: Manuscrito Libro
Lenguaje:eslovaco
Publicado: 2015
Materias:
Acceso en línea:http://is.stuba.sk/zp/portal_zp.pl?podrobnosti=109678
https://opac.crzp.sk/?fn=detailBiblioForm&sid=8E4B6E07E50410EA99B7A83E14E1
Etiquetas: Agregar Etiqueta
Sin Etiquetas, Sea el primero en etiquetar este registro!

MARC

LEADER 00000ntm a22000003a 4500
001 stuzp51898
003 SK-STU
005 20231013160724.1
007 ta
008 150427s2015----xo-----f-mn---000-0-slo-d
040 |a STU  |b slo 
041 0 |a slo 
100 1 |a Klein, Matej  |u 010120  |4 aut  |U SvF Stavebná fakulta  |T SvF Katedra dopravných stavieb  |X 67020  |U V120  |Y 12  |7 A000067020 
242 0 1 |a The by-pass study of Porúbka  |y eng 
245 1 0 |a Štúdia obchvatu Porúbky 
260 |c 2015 
650 4 |a štúdia  |2 slo 
650 4 |a obchvat  |2 slo 
650 4 |a trasa  |2 slo 
650 4 |a study  |2 eng 
650 4 |a bypass  |2 eng 
650 4 |a route  |2 eng 
700 1 |a Bačová, Katarína  |4 ths  |X 1010  |7 A000001010 
856 4 |u http://is.stuba.sk/zp/portal_zp.pl?podrobnosti=109678 
856 4 |u https://opac.crzp.sk/?fn=detailBiblioForm&sid=8E4B6E07E50410EA99B7A83E14E1 
SQL |a stuzp51898  |b DDP  |c SLO  |d Štúdia obchvatu Porúbky  |e 67020  |f Klein, Matej  |g 010120  |h 1010  |i Bačová, Katarína  |j 20150617  |k 682  |l 01  |m http://is.stuba.sk/zp/portal_zp.pl?podrobnosti=109678  |n I-IKD  |o 5.1.5. inžinierske konštrukcie a dopravné stavby